| 000 | 00540nam a22001457a 4500 | ||
|---|---|---|---|
| 999 |
_c4141 _d234645 |
||
| 020 | _a9789879577493 | ||
| 080 | _a342 F 119 | ||
| 100 | _aOrtiz, Tulio (coordinador) | ||
| 245 | _aFacultad de Derecho de la Universidad de Buenos Aires: su legado histórico | ||
| 260 |
_aCiudad Autónoma de Buenos Aires _bDepartamento de publicaciones de la Facultad de Derecho y Ciencias Sociales de la Universidad de Buenos Aires |
||
| 300 | _a256 p. | ||
| 650 |
_xFacultad de Derecho de Buenos Aires _xHistoria |
||
| 942 | _6_ | ||
| 945 |
_asa _d2015-09-02 |
||